Стасюлевича М.

Доступно только в Электронных читальных залах Найти на картеНа карте
RUSMARC
00004137nmc2a22002891x 450
00167323a56-367a-47f0-b6de-6e3cb6a5f92f
00520140115081402.0
100##$a20130529l19011910k y0rusy50 ca
1010#$arus
$afre
102##$aRU
105##$ay z |||||
2001#$aСтасюлевича М.
$j1901-1910
215##$a194 листа
$cоткр., марки
251##$cДело
300##$aЗаголовок дела на папке: Письма Стасюлевича М. Кони А. Ф.
300##$aЛисты 3, 4 - оторваны марки. Листы 168 (1 марка), 177 - конверты. Лист 5 - почтовые марки. Листы 42, 61, 82, 114, 169 (1 марка) - открытки. В деле имеются визитные карточки
300##$aИмеются документы на французском языке
300##$aТекст рукописный, газетные вырезки
330##$aПереписка А. Ф. Кони; Письма к А. Ф. Кони
461#0$10013a54f2e3-e9cf-409b-80fa-f0a9bd3c40cb
$12001
$aКони Анатолий Федорович, юрист, литератор, член академии наук, председатель Санкт-Петербургского окружного суда, член государственного совета
$1251
$cФонд
$1852
$j564
462#0$100178a475cd-a47d-4377-bff3-cee4b81de655
$12001
$aОпись дел фонда А. Ф. Кони за 1880-1931 гг.
$1251
$cОпись
$1852
$j1
517##$aПисьма Стасюлевича М. Кони А. Ф.
600#1$aКони
$bА. Ф.
$f1844-1927
$gАнатолий Федорович
600#1$aСтасюлевич
$bМ. М.
$gМихаил Матвеевич
801#0$aRU
$bGA_RF
801#1$aRU
$bНПО Опыт
$c20130529
$2rusmarc
801#2$aRU
$bПБ им. Б.Н. Ельцина
$c20140115
$gRCR
$2rusmarc
852##$aГА РФ
$j3295
937##$d42807461
$hПБ
035##$aRuPRLIB51005354
Формат отображения